TCP/IP illustrated 1: The protocols. Vol 1 (Record no. 406)

MARC details
000 -LEADER
fixed length control field 00415nam a2200157Ia 4500
008 - FIXED-LENGTH DATA ELEMENTS--GENERAL INFORMATION
fixed length control field 130318s9999 xx 000 0 und d
020 ## - INTERNATIONAL STANDARD BOOK NUMBER
International Standard Book Number 8178081016
082 ## - DEWEY DECIMAL CLASSIFICATION NUMBER
Classification number 004.62 RIC/T
100 ## - MAIN ENTRY--PERSONAL NAME
Personal name Richard Stevens, W
245 ## - TITLE STATEMENT
Title TCP/IP illustrated 1: The protocols. Vol 1
260 ## - PUBLICATION, DISTRIBUTION, ETC.
Name of publisher, distributor, etc. Pearson Education
Place of publication, distribution, etc. New Delhi
Date of publication, distribution, etc. 2001
300 ## - PHYSICAL DESCRIPTION
Extent 576
650 ## - SUBJECT ADDED ENTRY--TOPICAL TERM
Topical term or geographic name entry element COMPUTER NETWORKS
650 ## - SUBJECT ADDED ENTRY--TOPICAL TERM
Topical term or geographic name entry element NETWORK PROTOCOL
650 ## - SUBJECT ADDED ENTRY--TOPICAL TERM
Topical term or geographic name entry element TCP/IP
Holdings
Withdrawn status Lost status Damaged status Not for loan Collection code Home library Current library Shelving location Date acquired Cost, normal purchase price Total Checkouts Full call number Barcode Date last seen Date last checked out Price effective from Koha item type
        TCP/ IP /Internet of Things / IOT Kerala University of Digital Sciences, Innovation and Technology Knowledge Centre Kerala University of Digital Sciences, Innovation and Technology Knowledge Centre   18/03/2013 276.00 2 004.62 RIC/T 409 11/07/2022 23/03/2022 18/03/2013 Archives